A world history of architecture / (Record no. 6486)
[ view plain ]
| 000 -LEADER | |
|---|---|
| fixed length control field | 01015nac a22002531u 4500 |
| 008 - FIXED-LENGTH DATA ELEMENTS--GENERAL INFORMATION | |
| fixed length control field | 100210s2003 enk|||||d|||| 001 0 eng d |
| 010 ## - LIBRARY OF CONGRESS CONTROL NUMBER | |
| LC control number | 2007027216 |
| 020 ## - INTERNATIONAL STANDARD BOOK NUMBER | |
| International Standard Book Number | 1856693538 |
| 020 ## - INTERNATIONAL STANDARD BOOK NUMBER | |
| International Standard Book Number | 1856693716 |
| 082 00 - DEWEY DECIMAL CLASSIFICATION NUMBER | |
| Classification number | 720.9 |
| Item number | MOF |
| Edition number | 22 |
| 100 ## - MAIN ENTRY--PERSONAL NAME | |
| Personal name | Fazio, Michael W. |
| 9 (RLIN) | 11235 |
| 245 12 - TITLE STATEMENT | |
| Title | A world history of architecture / |
| Statement of responsibility, etc | Michael Fazio, Marian Moffett, Lawrence Wodehouse. |
| 260 ## - PUBLICATION, DISTRIBUTION, ETC. (IMPRINT) | |
| Place of publication, distribution, etc | New York, NY : |
| Name of publisher, distributor, etc | McGraw-Hill,2003 |
| Date of publication, distribution, etc | 2003 |
| 300 ## - PHYSICAL DESCRIPTION | |
| Extent | 592p.: |
| Other physical details | col. ill.; |
| Dimensions | 28 cm. |
| 500 ## - GENERAL NOTE | |
| General note | Rev. ed. of: A world history of architecture / Marian Moffett, Michael Fazio, Lawrence Wodehouse. c2004. |
| 500 ## - GENERAL NOTE | |
| General note | distributer: Al-Ahram |
| 511 ## - PARTICIPANT OR PERFORMER NOTE | |
| Participant or performer note | catalogued by: wessam |
| 650 #0 - SUBJECT ADDED ENTRY--TOPICAL TERM | |
| Topical term or geographic name as entry element | Architecture |
| General subdivision | History. |
| 9 (RLIN) | 11236 |
| 700 1# - ADDED ENTRY--PERSONAL NAME | |
| Personal name | Moffett, Marian. |
| 9 (RLIN) | 11237 |
| 700 1# - ADDED ENTRY--PERSONAL NAME | |
| Personal name | Wodehouse, Lawrence. |
| 9 (RLIN) | 11238 |
| 700 1# - ADDED ENTRY--PERSONAL NAME | |
| Personal name | Moffett, Marian. |
| 9 (RLIN) | 11239 |
| 942 ## - ADDED ENTRY ELEMENTS (KOHA) | |
| Item type | Book - Borrowing |
| Call number prefix | 720.9 MOF |
| Source of classification or shelving scheme | Dewey Decimal Classification |
| Withdrawn status | Item status | Damaged status | Not for loan | Home library | Current library | Shelving location | Date acquired | Source of acquisition | Total Checkouts | Total Renewals | Full call number | Barcode | Checked out | Date last seen | Date last borrowed | Koha item type |
|---|---|---|---|---|---|---|---|---|---|---|---|---|---|---|---|---|
| Central Library | Central Library | Second Floor | 25/11/2007 | Purchase | 10 | 49 | 720.9MOF | 000007169 | 23/11/2019 | 26/06/2016 | 26/06/2016 | Book - Borrowing |